00668nam a2200181 a 4500008004100000020002200041100001900063245008700082260006700169300003500236504005300271650004000324650005400364710004100418003000100459005001700460040000900477  a0866410104 (pbk.)10aSeed, Allen H.14aThe impact of inflation on internal planning and control /cby Allen H. Seed, III.0 aNew York, N.Y. :bNational Association of Accountants,cc1981. axiii, 242 p. :bill. ;c23 cm. aIncludes bibliographical references: p. 215-226. 0aAccountingxEffect of inflation on. 0aAccountingxEffect of inflation onxCase studies.20aNational Association of Accountants.20230123133946.0 cNUST